Perfil intelectual de Bernanos

Wedi'i Gadw mewn:
Manylion Llyfryddiaeth
Prif Awdur: Fabregues, Jean de (Awdur)
Fformat: Llyfr
Iaith:Sbaeneg
Cyhoeddwyd: Madrid Rialp 1966
Cyfres:Biblioteca del Pensamiento Actual
Pynciau:
Tagiau: Ychwanegu Tag
Dim Tagiau, Byddwch y cyntaf i dagio'r cofnod hwn!

MARC

LEADER 00000nam a2200000 a 4500
001 UCQ8086
003 CL-VaPUC
008 981127e19660000SP |||||||||||||||||spa|d
082 0 4 |a 840.9  |b FAB  |2 21 
100 0 |a Fabregues, Jean de  |e author  |9 421943 
245 1 0 |a Perfil intelectual de Bernanos 
300 |a 467 p 
942 |c BK 
945 |d 19981127 00:00:00  |a cmena 
260 |a Madrid  |b Rialp  |c 1966 
600 0 7 |a BERNANOS, GEORGES  |2 CL-VaPUC  |9 335559 
650 0 |a Literatura francesa  |9 266330 
650 7 |a NOVELA FRANCESA  |2 CL-VaPUC  |9 421944 
650 0 |a Crítica e interpretación   |9 255042 
583 |a last modification  |c 19981127 00:00:00  |k Rodrigo Vera 
490 0 |a Biblioteca del Pensamiento Actual 
999 |c 277442  |d 277440 
952 |0 0  |1 0  |4 0  |6 840_900000000000000_FAB_1966  |7 0  |8 A  |9 315376  |a BIBEDU  |b BIBEDU  |d 2019-11-20  |i 1497081  |o 840.9 FAB 1966  |p 1497081  |r 2019-11-20  |w 2019-11-20  |y BK  |k LIT